Alle Mannschaften der deutschen Profiligen 23/24 - Statistiken

Allgemein
  • Dieses Quiz wurde 370 mal gespielt
  • Das Durchschnittsergebnis liegt bei 46 aus 56
Antwortstatistiken
Mannschaft % Korrekt
FC Bayern München
98%
Borussia Dortmund
97%
1.FC Kaiserslautern
96%
1.FC Union Berlin
95%
Eintracht Frankfurt
95%
RB Leipzig
95%
Bayer 04 Leverkusen
94%
Hamburger SV
94%
1.FSV Mainz 05
93%
FC Augsburg
93%
SV Werder Bremen
93%
VfB Stuttgart
93%
1.FC Heidenheim
92%
1.FC Köln
92%
SC Freiburg
92%
TSG 1899 Hoffenheim
92%
FC Schalke 04
91%
Hertha BSC
91%
VfL Bochum
91%
Borussia Mönchengladbach
90%
SV Darmstadt 98
90%
VfL Wolfsburg
90%
FC St. Pauli
89%
1.FC Nürnberg
87%
Dynamo Dresden
87%
Fortuna Düsseldorf
87%
SV Holstein Kiel
85%
FC Hansa Rostock
82%
Hannover 96
82%
Arminia Bielefeld
81%
Karlsruher SC
81%
SpVgg Greuther Fürth
81%
Eintracht Braunschweig
80%
VfL Osnabrück
80%
1.FC Magdeburg
79%
SV Elversberg
79%
SV Wehen Wiesbaden
78%
TSV 1860 München
78%
1.FC Saabrücken
77%
Preußen Münster
77%
SV Waldhof Mannheim
77%
Rot-Weiß Essen
75%
SC Paderborn
74%
SSV Jahn Regensburg
74%
MSV Duisburg
71%
SSV Ulm 1846
70%
Borussia Dortmund II
68%
VfB Lübeck
66%
FC Ingolstadt 04
65%
SpVgg Unterhaching
65%
SV Sandhausen
64%
FC Viktoria Köln
63%
SC Freiburg II
63%
Hallescher FC
60%
FC Erzgebirge Aue
55%
SC Verl
51%
Keine übereinstimmenden Quizze gefunden
Verteilung der Resultate
Anzahl Personen mit jedem Resultat
Perzentil nach korrekt beantworteten Fragen
Ihre Resultats-Entwicklung
Sie haben dieses Quiz noch nicht gespielt